| 000 | 00989cam a22002533a 4500 | ||
|---|---|---|---|
| 001 | 1302 | ||
| 005 | 20241217103442.0 | ||
| 020 |
_a0590498495 (pbk.) : _c$4.50 |
||
| 040 |
_aDMP _cDMP _dOCL _dDLC _beng |
||
| 050 | 0 | 0 | _aCPB Box no. 1765 vol. 36 |
| 100 | 1 | _aDeary, Terry. | |
| 245 | 1 | 4 |
_aThe vicious Vikings / _cTerry Deary ; illustrated by Martin Brown. |
| 260 |
_aNew York : _bScholastic, _c1999. _g(1997 printing) |
||
| 300 |
_a141 pages : _bIllustrations ; _c20 cm. |
||
| 505 | 2 | _aW | |
| 520 | _aThe master of making history fun, Terry Deary takes on the Vikings in this marauding look at our Scandinavian ancestors. From Viking Gods in wedding dresses and corpses on trial to death by booby-trapped statues! | ||
| 521 |
_a870
_bLexile |
||
| 521 |
_aW
_bRaz-Plus |
||
| 650 | 0 |
_aVikings _vJuvenile literature. |
|
| 655 | 7 |
_aComic books, strips, etc. _2lcsh |
|
| 700 | 1 |
_aBrown, Martin, _d1959- |
|
| 906 |
_a7 _bcbc _ccopycat _d2 _encip _f20 _gy-genrareb |
||
| 942 |
_2ddc _cBK _n0 |
||
| 999 |
_c1302 _d1302 |
||